[Event "OLNN 2223 Preetzer TSV - SC Königssprin"]
[Site "?"]
[Date "2023.03.19"]
[Round "7.6"]
[White "Light, Bjarne"]
[Black "Lampe, Joerg"]
[Result "1-0"]
[WhiteElo "2209"]
[BlackElo "2106"]
[PlyCount "65"]
[EventDate "2023.??.??"]

1. d4 d5 2. Nf3 c5 3. e3 Nc6 4. b3 Nf6 5. Bb2 Bg4 6. Be2 e6 7. O-O Bd6 8. Nbd2 O-O 9. Ne5 Bxe2 10. Qxe2 Qc7 11. f4 Ne7 12. dxc5 Bxc5 13. Nd3 Nf5 14. Nxc5 Qxc5 15. Bxf6 gxf6 16. Rf3 Qxc2 17. Rh3 Ng7 18. e4 Rfd8 19. Rg3 Kf8 20. e5 Nf5 21. Rh3 fxe5 22. fxe5 d4 23. Qe1 Ne3 24. Rc1 Qf5 25. Nf3 Nc2 26. Qd2 d3 27. Rf1 Rd7 28. Ne1 Qxe5 29. Nxc2 dxc2 30. Qxd7 Qc5+ 31. Kh1 Qf5 32. Rhf3 Qxf3 33. gxf3 1-0

[Event "OLNN 2223 Preetzer TSV - SC Königssprin"]
[Site "?"]
[Date "2023.03.19"]
[Round "7.7"]
[White "Hloskovsky, Andrei"]
[Black "Willsch, Matthias"]
[Result "1-0"]
[WhiteElo "2070"]
[BlackElo "2109"]
[PlyCount "37"]
[EventDate "2023.??.??"]

1. e4 e6 2. b3 d5 3. Bb2 c5 4. g3 Nf6 5. e5 Nfd7 6. f4 Nc6 7. Nf3 Be7 8. Bg2 b5 9. O-O f5 10. exf6 Bxf6 11. Ne5 Ncxe5 12. fxe5 Bxe5 13. Bxe5 Nxe5 14. Qe2 Nc6 15. Nc3 Nd4 16. Qh5+ Kd7 17. Bxd5 Rb8 18. Rf7+ Kd6 19. Ne4# 1-0

[Event "OLNN 2223 Preetzer TSV - SC Königssprin"]
[Site "?"]
[Date "2023.03.19"]
[Round "7.8"]
[White "Kornrumpf, Joachim"]
[Black "Raider, Eugen"]
[Result "1/2-1/2"]
[WhiteElo "2043"]
[BlackElo "2059"]
[PlyCount "105"]
[EventDate "2023.??.??"]

1. b3 e5 2. Bb2 Nc6 3. e3 Nf6 4. c4 d5 5. cxd5 Nxd5 6. a3 Bd6 7. Nf3 Qe7 8. d3 O-O 9. Nbd2 Kh8 10. Nc4 f5 11. Be2 Bd7 12. b4 b5 13. Nxd6 cxd6 14. O-O Nb6 15. d4 e4 16. Nd2 Na4 17. Qb3 f4 18. exf4 Nxb2 19. Qxb2 Rxf4 20. Qc3 Raf8 21. Qe3 Qg5 22. Nxe4 Qd5 23. Nc3 Qxd4 24. Nxb5 Qf6 25. Rad1 Ne5 26. Rxd6 Qg5 27. Rd5 Bc6 28. Qxe5 R4f5 29. f4 Rxe5 30. fxg5 Rxf1+ 31. Bxf1 Bxd5 32. Nxa7 Re7 33. Nb5 Re1 34. Kf2 Rxf1+ 35. Kxf1 Bc4+ 36. Ke1 Bxb5 37. Kd2 Kg8 38. Kc3 Kf7 39. Kd4 Ke6 40. Kc5 Ba4 41. b5 Kd7 42. Kb4 Bc2 43. a4 Kc7 44. a5 Kd6 45. a6 Be4 46. g3 Bd5 47. b6 Kc6 48. b7 Kc7 49. Kc5 Bf3 50. b8=Q+ Kxb8 51. Kd6 h5 52. gxh6 gxh6 53. Ke5 1/2-1/2

[Event "OLNN 2223 FC St. Pauli II - SF Schwerin"]
[Site "?"]
[Date "2023.03.19"]
[Round "7.1"]
[White "Reichmann, Hendrik"]
[Black "Trisic, Aleksandar"]
[Result "1-0"]
[WhiteElo "2323"]
[BlackElo "2258"]
[PlyCount "127"]
[EventDate "2023.??.??"]

1. d4 Nf6 2. Nc3 d5 3. Bf4 e6 4. Nb5 Na6 5. e3 c6 6. Nc3 Qb6 7. a3 c5 8. dxc5 Nxc5 9. Nb5 Na6 10. Nf3 Be7 11. Be2 O-O 12. O-O Ne4 13. a4 Bf6 14. c3 Bd7 15. Ne5 Be8 16. h3 Nac5 17. f3 a6 18. Nd4 Nd6 19. Ng4 Be7 20. b4 Nd7 21. a5 Qc7 22. Rc1 b5 23. e4 dxe4 24. fxe4 Qa7 25. Kh1 Qb7 26. Bxd6 Bxd6 27. Nxe6 Bb8 28. Nxf8 Nxf8 29. e5 Qe7 30. Qd5 Ra7 31. Bd3 Rd7 32. Qe4 Rc7 33. Qf4 Ng6 34. Qg3 Bc6 35. Rce1 Bd5 36. Bf5 Bc4 37. Rf3 Rc6 38. Rfe3 h5 39. Nf6+ Qxf6 40. exf6 Bxg3 41. Rxg3 Rxf6 42. Re8+ Kh7 43. Be4 Be6 44. Ra8 Bc4 45. Rb8 Rf1+ 46. Kh2 f5 47. Rg5 Ne7 48. Rb7 Kh6 49. Rg3 h4 50. Rf3 Re1 51. Bd3 Bd5 52. Rb6+ Kg5 53. Rf2 Re3 54. Rd2 f4 55. Bxb5 f3 56. Bf1 Re1 57. Bxa6 Kf4 58. Bb7 Re2 59. Bxd5 Nxd5 60. Rxd5 f2 61. Rb7 f1=N+ 62. Kg1 Ng3 63. Rf7+ Ke4 64. Rd1 1-0

[Event "OLNN 2223 FC St. Pauli II - SF Schwerin"]
[Site "?"]
[Date "2023.03.19"]
[Round "7.2"]
[White "Jahncke, Giso"]
[Black "Wolf, Christoph"]
[Result "1-0"]
[WhiteElo "2244"]
[BlackElo "2179"]
[PlyCount "89"]
[EventDate "2023.??.??"]

1. d4 d5 2. Nf3 c5 3. g3 cxd4 4. Bg2 Nf6 5. O-O e6 6. Nxd4 Be7 7. c4 O-O 8. cxd5 Nxd5 9. Qb3 Nc6 10. Nxc6 bxc6 11. e4 Nf6 12. Bf4 Qa5 13. Nd2 Ba6 14. Nc4 Qb5 15. Rfc1 Rfc8 16. Nd6 Bxd6 17. Bxd6 Qh5 18. h3 c5 19. e5 Nd5 20. Kh2 Qf5 21. Qf3 Qg5 22. Qa3 Bb7 23. Rxc5 Qd2 24. Qb3 Ba6 25. Kg1 h5 26. Rd1 Qg5 27. Bxd5 exd5 28. Qxd5 Qf5 29. Rdc1 Rd8 30. Qg2 Bd3 31. g4 Qf4 32. gxh5 Kh7 33. Qg4 Qxg4+ 34. hxg4 Be2 35. f3 Bxf3 36. R1c4 Be2 37. Rf4 Rd7 38. Kf2 Ba6 39. g5 Rb7 40. b3 Rd8 41. Ke3 Rbd7 42. Rc2 Re8 43. Kd4 f6 44. gxf6 gxf6 45. Rxf6 1-0

[Event "OLNN 2223 FC St. Pauli II - SF Schwerin"]
[Site "?"]
[Date "2023.03.19"]
[Round "7.3"]
[White "Rittemann, Steffen"]
[Black "Stenner, Patrick"]
[Result "1/2-1/2"]
[WhiteElo "2164"]
[BlackElo "2275"]
[PlyCount "82"]
[EventDate "2023.??.??"]

1. e4 c6 2. d4 d5 3. exd5 cxd5 4. Bd3 Nc6 5. c3 Nf6 6. Bf4 Bg4 7. Qb3 e5 8. dxe5 Nh5 9. Be3 Nxe5 10. Bb5+ Nc6 11. Nd2 Be6 12. Qa4 Qc7 13. Ngf3 Bd6 14. O-O O-O 15. Qh4 Nf4 16. Rfe1 Bf5 17. Nd4 Nxd4 18. Bxd4 a6 19. Qg5 Bg6 20. Bf1 Qd7 21. g3 h6 22. Qh4 Nd3 23. Bxd3 Bxd3 24. Re3 Bf5 25. Nf1 Rfe8 26. Rae1 Rxe3 27. Rxe3 Kh7 28. Qh5 Bf8 29. Qd1 Rc8 30. f3 b5 31. a3 a5 32. Qb3 f6 33. Re1 Bd3 34. Ne3 Re8 35. Qd1 Bg6 36. Ng2 b4 37. axb4 axb4 38. Nf4 Bf7 39. Bf2 Rc8 40. Qd3+ Kg8 41. Rd1 bxc3 1/2-1/2

[Event "OLNN 2223 FC St. Pauli II - SF Schwerin"]
[Site "?"]
[Date "2023.03.19"]
[Round "7.4"]
[White "Breyther, Ruediger"]
[Black "Grahl, Arvid"]
[Result "1/2-1/2"]
[WhiteElo "2250"]
[BlackElo "2147"]
[PlyCount "54"]
[EventDate "2023.??.??"]

1. e4 d6 2. d4 Nf6 3. Nc3 g6 4. Nf3 Bg7 5. Be2 O-O 6. O-O Nc6 7. d5 Nb8 8. Re1 e5 9. dxe6 Bxe6 10. Nd4 Bd7 11. f4 Re8 12. Bf3 Nc6 13. Be3 a6 14. Qd2 Nxd4 15. Bxd4 Bc6 16. Rad1 Nd7 17. Bxg7 Kxg7 18. Nd5 Bxd5 19. Qxd5 Qf6 20. Qd4 Qxd4+ 21. Rxd4 Nc5 22. g3 a5 23. Red1 Re7 24. Rc4 f6 25. a4 Rae8 26. b3 b6 27. Rd5 Kf7 {(=)} 1/2-1/2

[Event "OLNN 2223 FC St. Pauli II - SF Schwerin"]
[Site "?"]
[Date "2023.03.19"]
[Round "7.5"]
[White "Heinsohn, Wilfried"]
[Black "Hess, Christian"]
[Result "1-0"]
[WhiteElo "2104"]
[BlackElo "2248"]
[PlyCount "43"]
[EventDate "2023.??.??"]

1. e4 e6 2. d4 d5 3. exd5 exd5 4. Nf3 Nf6 5. c4 Bb4+ 6. Nc3 O-O 7. Be2 Nc6 8. O-O Bg4 9. c5 Ne4 10. Qb3 a5 11. Be3 b6 12. cxb6 cxb6 13. Nb5 Qd7 14. Rac1 Rfc8 15. h3 Bh5 16. Rxc6 Qxc6 17. Ne5 Qc2 18. Bxh5 Nf6 19. Bxf7+ Kf8 20. Bxd5 Nxd5 21. Qxd5 Qf5 22. Nd7+ 1-0

[Event "OLNN 2223 FC St. Pauli II - SF Schwerin"]
[Site "?"]
[Date "2023.03.19"]
[Round "7.6"]
[White "Priebe, Jan"]
[Black "Wandel, Bernd"]
[Result "1-0"]
[WhiteElo "2233"]
[BlackElo "2059"]
[PlyCount "82"]
[EventDate "2023.??.??"]

1. e4 c6 2. Nc3 d5 3. Nf3 dxe4 4. Nxe4 Nf6 5. Qe2 Bf5 6. d3 e6 7. Ng3 Bg6 8. Ne5 Nbd7 9. Nxg6 hxg6 10. Bd2 Qc7 11. h3 Bd6 12. Ne4 Be5 13. O-O-O Qb6 14. c3 Qa6 15. Kb1 Rd8 16. f4 Bc7 17. g4 Nxe4 18. Qxe4 Qb5 19. c4 Qa4 20. Be2 O-O 21. h4 Ba5 22. Bc1 Qb4 23. h5 gxh5 24. gxh5 Qe7 25. d4 f5 26. Qe3 Nf6 27. Rdg1 Qf7 28. Rg6 Kh7 29. Rhg1 Rg8 30. b3 Bc7 31. Bb2 b5 32. Bf3 bxc4 33. bxc4 Qd7 34. h6 Ng4 35. R1xg4 fxg4 36. Qe4 gxh6 37. Rxe6+ Kh8 38. Rxh6+ Kg7 39. Rh7+ Kf8 40. Rxd7 Rxd7 41. Bxg4 Rf7 1-0

[Event "OLNN 2223 FC St. Pauli II - SF Schwerin"]
[Site "?"]
[Date "2023.03.19"]
[Round "7.7"]
[White "Schulz, Karsten"]
[Black "Perez De Miguel, Alvaro"]
[Result "1/2-1/2"]
[WhiteElo "2252"]
[BlackElo "2280"]
[PlyCount "67"]
[EventDate "2023.??.??"]

1. Nf3 d5 2. g3 Nc6 3. Bg2 e5 4. d3 Nf6 5. O-O Be7 6. c4 dxc4 7. Qa4 Bd7 8. Qxc4 Be6 9. Qa4 Qd7 10. Nc3 h6 11. a3 O-O 12. b4 a6 13. Bb2 Bh3 14. Rfd1 Bxg2 15. Kxg2 Qe6 16. Qc2 Rad8 17. Rac1 Nd4 18. Nxd4 exd4 19. Ne4 c6 20. Qc4 Rd5 21. Bxd4 b5 22. Qc3 Nxe4 23. dxe4 Qxe4+ 24. Kg1 Rfd8 25. e3 h5 26. Qd3 Qf3 27. Qf1 c5 28. bxc5 Bxc5 29. Rd3 Bxd4 30. exd4 Qf6 31. Qe2 g6 32. Rc7 Kg7 33. Rf3 Rf5 34. Rxf5 {(=)} 1/2-1/2

[Event "OLNN 2223 FC St. Pauli II - SF Schwerin"]
[Site "?"]
[Date "2023.03.19"]
[Round "7.8"]
[White "Richter, Maik"]
[Black "Helms, Sven"]
[Result "1-0"]
[WhiteElo "2177"]
[BlackElo "1916"]
[PlyCount "85"]
[EventDate "2023.??.??"]

1. e4 d5 2. exd5 Qxd5 3. Nf3 Nf6 4. d4 Bg4 5. Be2 e6 6. c4 Qa5+ 7. Bd2 Bb4 8. Nc3 c6 9. a3 Bxc3 10. Bxc3 Qc7 11. h3 Bxf3 12. Bxf3 Nbd7 13. O-O O-O 14. Re1 Rad8 15. Qe2 Rfe8 16. Rac1 b6 17. b4 c5 18. dxc5 bxc5 19. b5 e5 20. Qc2 Nb6 21. Bb2 Re6 22. Re2 Rde8 23. Rce1 e4 24. Bxe4 Nxe4 25. Rxe4 Rxe4 26. Rxe4 Rxe4 27. Qxe4 h6 28. Qe8+ Kh7 29. Be5 Qb7 30. Bd6 Nxc4 31. Bxc5 Qd5 32. Bb4 Ne5 33. Bc3 f6 34. Bxe5 fxe5 35. Qc6 Qd1+ 36. Kh2 Qd4 37. Qf3 e4 38. Qe3 Qe5+ 39. g3 Qd5 40. a4 Qb7 41. a5 g6 42. b6 a6 43. Qc5 1-0

[Event "OLNN 2223 SC Diogenes - SV Bad Schwarta"]
[Site "?"]
[Date "2023.03.19"]
[Round "7.3"]
[White "Masio, Andreas"]
[Black "Schulenburg, Torben"]
[Result "0-1"]
[WhiteElo "2020"]
[BlackElo "2225"]
[PlyCount "84"]
[EventDate "2023.??.??"]

1. e4 e6 2. d4 d5 3. e5 c5 4. c3 Bd7 5. Nf3 Qb6 6. a3 Bb5 7. Bxb5+ Qxb5 8. a4 Qb6 9. O-O cxd4 10. a5 Qd8 11. Nxd4 Ne7 12. Bg5 Qd7 13. Bxe7 Bxe7 14. Nd2 Nc6 15. N2f3 O-O 16. Re1 Rac8 17. Qa4 Nb8 18. Qd1 Na6 19. Re3 Nc5 20. Ne2 Qc7 21. Nfd4 Ne4 22. f4 Bc5 23. Ng3 Nxg3 24. Rxg3 Bxd4+ 25. Qxd4 Qc5 26. Rd3 Qb5 27. Rd2 Rc4 28. Qxa7 Rxf4 29. Qe3 Re4 30. Qg3 Qc5+ 31. Kh1 Qc7 32. b4 Rc8 33. a6 bxa6 34. Rdd1 Qxc3 35. Qxc3 Rxc3 36. Rxa6 g5 37. b5 Rb3 38. b6 Reb4 39. Rf1 Rxb6 40. Ra7 Rb7 41. Ra8+ Kg7 42. h3 Rb1 0-1

[Event "OLNN 2223 SC Diogenes - SV Bad Schwarta"]
[Site "?"]
[Date "2023.03.19"]
[Round "7.4"]
[White "Kaid, Almar"]
[Black "Toenniges, Thomas"]
[Result "1-0"]
[WhiteElo "2282"]
[BlackElo "2045"]
[PlyCount "103"]
[EventDate "2023.??.??"]

1. Nf3 Nf6 2. g3 d5 3. Bg2 g6 4. b3 Bg7 5. Bb2 O-O 6. c4 c6 7. O-O Bf5 8. d3 Na6 9. Nbd2 Re8 10. a3 Qd7 11. b4 Nc7 12. Nb3 dxc4 13. Ne5 Qc8 14. Nxc4 Bh3 15. Rc1 Bxg2 16. Kxg2 Ne6 17. Qd2 Qd7 18. f3 Red8 19. Ne5 Qd5 20. Na5 c5 21. bxc5 Nxc5 22. Rxc5 Qxc5 23. Nxb7 Qb6 24. Nxd8 Rxd8 25. Rc1 Nd5 26. Nc4 Qe6 27. Bxg7 Kxg7 28. Rb1 Nf6 29. Qb2 h5 30. Qe5 Qd7 31. Na5 Qa4 32. Nc4 Qd7 33. Rb4 Kh7 34. Qb2 Qe6 35. Rb7 Rd7 36. Rb8 Rc7 37. h4 Qd5 38. a4 Qe6 39. a5 a6 40. Rb6 Rc6 41. Rb8 Kg7 42. Rb6 Qc8 43. Qe5 Re6 44. Rxe6 fxe6 45. Qd4 Kf7 46. Kf2 Qc7 47. Qb6 Nd5 48. Qxc7 Nxc7 49. Ke3 Kf6 50. Kd4 e5+ 51. Kc5 Ke6 52. Kb6 1-0

[Event "OLNN 2223 SC Diogenes - SV Bad Schwarta"]
[Site "?"]
[Date "2023.03.19"]
[Round "7.5"]
[White "Sallandt, Frido"]
[Black "Mach, Holger"]
[Result "0-1"]
[WhiteElo "1810"]
[BlackElo "2219"]
[PlyCount "146"]
[EventDate "2023.??.??"]

1. e4 c5 2. Nc3 Nc6 3. g3 g6 4. Bg2 Bg7 5. Nge2 d6 6. d3 Nf6 7. O-O O-O 8. h3 Rb8 9. a4 a6 10. Be3 b5 11. axb5 axb5 12. Qd2 b4 13. Nd1 Bb7 14. Bh6 d5 15. Bxg7 Kxg7 16. exd5 Nxd5 17. Ne3 Nxe3 18. Qxe3 Qd6 19. Rfe1 e5 20. Nc1 f6 21. Nb3 Nd4 22. Nxd4 cxd4 23. Qe2 Bxg2 24. Kxg2 Qc6+ 25. Qe4 Qxe4+ 26. Rxe4 Rfc8 27. Ra7+ Kg8 28. Re2 b3 29. cxb3 Rxb3 30. f4 Rxd3 31. fxe5 fxe5 32. Re7 Rb3 33. R7xe5 d3 34. Re8+ Rxe8 35. Rxe8+ Kf7 36. Rd8 Ke7 37. Rd4 Rxb2+ 38. Kf3 Rb3 39. Ke3 d2+ 40. Kxd2 Rxg3 41. h4 h5 42. Rf4 Ke6 43. Ke2 Ke5 44. Rf2 Rg4 45. Rh2 Kf4 46. Kf2 Rg3 47. Rh1 Kg4 48. Rh2 Rf3+ 49. Ke2 Kg3 50. Rh1 Kg2 51. Ra1 Rf4 52. Ra6 Rg4 53. Ke3 Kg3 54. Ra1 Kxh4 55. Kf3 Rg3+ 56. Kf4 g5+ 57. Kf5 g4 58. Kg6 Rh3 59. Ra5 Kg3 60. Kg5 Kf3 61. Ra3+ Ke4 62. Ra4+ Kd5 63. Ra5+ Kc4 64. Kf4 g3 65. Kf3 h4 66. Kg2 Rh2+ 67. Kg1 Kd3 68. Ra3+ Ke4 69. Ra4+ Kf3 70. Ra3+ Kg4 71. Ra4+ Kh3 72. Kf1 Rh1+ 73. Ke2 g2 0-1

[Event "OLNN 2223 SC Diogenes - SV Bad Schwarta"]
[Site "?"]
[Date "2023.03.19"]
[Round "7.6"]
[White "Kilic, Oguz"]
[Black "Schwarz, Oliver"]
[Result "1/2-1/2"]
[WhiteElo "2049"]
[BlackElo "2076"]
[PlyCount "81"]
[EventDate "2023.??.??"]

1. e4 c5 2. Nc3 Nc6 3. g3 e6 4. Bg2 Nge7 5. d3 d5 6. Nh3 d4 7. Ne2 Bd7 8. O-O Qb6 9. f4 O-O-O 10. Kh1 h6 11. Rb1 f5 12. a3 e5 13. Bd2 fxe4 14. dxe4 g6 15. Qe1 Re8 16. b4 Bg7 17. b5 Nd8 18. fxe5 Bxe5 19. Nhf4 g5 20. Nd3 Ng6 21. Nec1 Rhf8 22. Rxf8 Rxf8 23. Nb3 c4 24. Nxe5 Nxe5 25. Ba5 Qxb5 26. Nxd4 Qa4 27. Nf5 Ndf7 28. Bb4 Re8 29. Qc1 Qa6 30. Qd2 Bxf5 31. exf5 Rd8 32. Qe2 g4 33. Qe4 Qc6 34. Qxc6+ bxc6 35. Bc3 Re8 36. Re1 Kd7 37. Kg1 h5 38. Kf2 Kd6 39. Rd1+ Ke7 40. Re1 Kd6 41. Rd1+ 1/2-1/2

[Event "OLNN 2223 SC Diogenes - SV Bad Schwarta"]
[Site "?"]
[Date "2023.03.19"]
[Round "7.7"]
[White "Mueller, Friedrich"]
[Black "Laqua, Christian"]
[Result "1/2-1/2"]
[WhiteElo "1952"]
[BlackElo "2081"]
[PlyCount "32"]
[EventDate "2023.??.??"]

1. Nf3 d6 2. d4 g6 3. g3 Bg7 4. Bg2 Nd7 5. c4 e5 6. e3 Ne7 7. O-O O-O 8. Nc3 Nf5 9. d5 Nh6 10. e4 f6 11. b3 a5 12. Bd2 Nc5 13. Be3 b6 14. Rb1 Nf7 15. Nh4 Bh6 16. Qd2 Bxe3 1/2-1/2

[Event "OLNN 2223 SC Diogenes - SV Bad Schwarta"]
[Site "?"]
[Date "2023.03.19"]
[Round "7.8"]
[White "Kalla, Christian"]
[Black "Wruetz, Domenico"]
[Result "1/2-1/2"]
[WhiteElo "1994"]
[BlackElo "1596"]
[PlyCount "56"]
[EventDate "2023.??.??"]

1. e4 c6 2. d4 d5 3. e5 c5 4. dxc5 e6 5. b4 a5 6. c3 b6 7. Be3 bxc5 8. bxc5 Qc7 9. Nf3 Bxc5 10. Bxc5 Qxc5 11. Qd4 Qxd4 12. cxd4 Ne7 13. Nc3 O-O 14. Rb1 Na6 15. Bb5 Nb4 16. Kd2 Ba6 17. Bxa6 Nxa6 18. Rb7 Nc6 19. Rhb1 Rab8 20. a3 Rxb7 21. Rxb7 Rb8 22. Rxb8+ Naxb8 23. Nb5 Nd7 24. Kc3 Nb6 25. Nd2 Kf8 26. Nb3 Nc4 27. Nd2 Nb6 28. Nd6 Ke7 1/2-1/2

[Event "OLNN 2223 SC Königsspringer HH - FC St."]
[Site "?"]
[Date "2023.04.23"]
[Round "8.1"]
[White "Trisic, Aleksandar"]
[Black "Zimmermann, Julian"]
[Result "1-0"]
[WhiteElo "2250"]
[BlackElo "2291"]
[PlyCount "49"]
[EventDate "2023.??.??"]

1. d4 Nf6 2. c4 e6 3. Nf3 b6 4. g3 Bb7 5. Bg2 g6 6. Nc3 Ne4 7. d5 Nxc3 8. Qd4 f6 9. Qxc3 Bg7 10. e4 O-O 11. O-O Qe7 12. Be3 f5 13. Qd2 Na6 14. exf5 exf5 15. Bd4 Qb4 16. Qc2 Rfe8 17. Bxg7 Kxg7 18. a3 Qd6 19. b4 Qf6 20. Rad1 Re5 21. Ne1 Ree8 22. Nd3 Qf7 23. c5 Nb8 24. c6 Ba6 25. b5 1-0

[Event "OLNN 2223 SC Königsspringer HH - FC St."]
[Site "?"]
[Date "2023.04.23"]
[Round "8.2"]
[White "Weber, Max"]
[Black "Jahncke, Giso"]
[Result "1/2-1/2"]
[WhiteElo "2301"]
[BlackElo "2248"]
[PlyCount "77"]
[EventDate "2023.??.??"]

1. c4 g6 2. Nc3 Bg7 3. Nf3 Nf6 4. e4 d6 5. d4 O-O 6. h3 Na6 7. Be3 Qe8 8. Be2 c6 9. a3 Nc7 10. O-O a6 11. Re1 b5 12. e5 dxe5 13. Nxe5 bxc4 14. Bf3 Nfd5 15. Qa4 Be6 16. Nxc6 Nxc3 17. bxc3 Bd5 18. Bf4 Bxf3 19. Nxe7+ Kh8 20. Qxe8 Nxe8 21. gxf3 Nf6 22. Be5 Nh5 23. Rab1 Bxe5 24. Rxe5 Rab8 25. Rxb8 Rxb8 26. Rc5 Rb1+ 27. Kh2 Rb2 28. Rxc4 Rxf2+ 29. Kg1 Rxf3 30. d5 Kg7 31. Rd4 Rxc3 32. d6 Nf6 33. d7 Nxd7 34. Rxd7 Rxa3 35. Kg2 Ra2+ 36. Kg3 Ra3+ 37. Kg2 Ra2+ 38. Kg3 Ra3+ 39. Kg2 1/2-1/2

[Event "OLNN 2223 SC Königsspringer HH - FC St."]
[Site "?"]
[Date "2023.04.23"]
[Round "8.3"]
[White "Stenner, Patrick"]
[Black "Schmidt, Jan-Peter"]
[Result "1/2-1/2"]
[WhiteElo "2272"]
[BlackElo "2266"]
[PlyCount "56"]
[EventDate "2023.??.??"]

1. e4 c5 2. Nc3 Nc6 3. f4 g6 4. Nf3 Bg7 5. Bb5 Nd4 6. Bd3 Nf6 7. Nxd4 cxd4 8. Ne2 O-O 9. Nxd4 Nxe4 10. Bxe4 Bxd4 11. c3 d5 12. Bf3 Bf6 13. d4 Rb8 14. a4 h5 15. Qb3 Be6 16. O-O Qd7 17. f5 Bxf5 18. Qxd5 Qxd5 19. Bxd5 b6 20. Bf4 Rbd8 21. Bc4 Bd7 22. h3 Kg7 23. Rfe1 Bc6 24. Kf1 Rd7 25. Be5 Rc8 26. Ba6 Rcd8 27. Bc4 Rc8 28. Ba6 Re8 1/2-1/2

[Event "OLNN 2223 SC Königsspringer HH - FC St."]
[Site "?"]
[Date "2023.04.23"]
[Round "8.4"]
[White "Wagner, Friedrich"]
[Black "Breyther, Ruediger"]
[Result "1/2-1/2"]
[WhiteElo "2121"]
[BlackElo "2249"]
[PlyCount "133"]
[EventDate "2023.??.??"]

1. c4 Nf6 2. g3 e6 3. Nf3 d5 4. e3 c5 5. cxd5 Nxd5 6. Bg2 Nc6 7. O-O Be7 8. Nc3 Nxc3 9. bxc3 O-O 10. d4 b6 11. Ne5 Nxe5 12. Bxa8 Ba6 13. Bg2 Bxf1 14. Qxf1 Nd7 15. a4 Qc7 16. Qb5 Rc8 17. Bd2 a5 18. Rb1 g6 19. Qa6 Rb8 20. Qc4 Bd6 21. e4 Rc8 22. Qb5 Kg7 23. Be3 Rb8 24. e5 Be7 25. Bc6 cxd4 26. cxd4 Nf8 27. Rc1 Qd8 28. Rd1 Bg5 29. f4 Be7 30. Be4 Kg8 31. Qb3 Bb4 32. h4 Rc8 33. Rd3 Qc7 34. Rd1 Qd7 35. Bf2 Rc3 36. Qb1 Qxa4 37. d5 exd5 38. Bxd5 Bc5 39. Bxc5 Rxg3+ 40. Kh2 Qxf4 41. Qe4 Qxe4 42. Bxe4 Rg4 43. Bf3 Rf4 44. Bxf8 Kxf8 45. Kg3 Rf5 46. Re1 h5 47. Bc6 Ke7 48. Ba4 g5 49. Bc2 gxh4+ 50. Kxh4 Rf2 51. Bd1 Rf5 52. Bxh5 f6 53. exf6+ Kxf6 54. Bg4 Re5 55. Rc1 Rb5 56. Rc4 Rb4 57. Rc1 a4 58. Kg3 a3 59. Ra1 Rb3+ 60. Kf4 b5 61. Bd1 Rc3 62. Ke4 b4 63. Kd4 b3 64. Kxc3 b2 65. Rb1 a2 66. Kxb2 axb1=Q+ 67. Kxb1 1/2-1/2

[Event "OLNN 2223 SC Königsspringer HH - FC St."]
[Site "?"]
[Date "2023.04.23"]
[Round "8.5"]
[White "Hess, Christian"]
[Black "Langmann, Markus"]
[Result "1-0"]
[WhiteElo "2234"]
[BlackElo "2053"]
[PlyCount "45"]
[EventDate "2023.??.??"]

1. c4 e5 2. Nc3 Nc6 3. Nf3 Nf6 4. a3 d5 5. cxd5 Nxd5 6. d3 Be7 7. g3 Be6 8. Bg2 Qd7 9. O-O Nb6 10. Be3 f5 11. Rc1 Bf6 12. Na4 Nxa4 13. Qxa4 O-O 14. Qb5 Bd5 15. Nxe5 Nxe5 16. Qxd5+ Qxd5 17. Bxd5+ Kh8 18. Rxc7 Nc6 19. Rxb7 Nd4 20. Bxd4 Bxd4 21. Rb4 Bc5 22. Rc4 Rac8 23. Rfc1 1-0

[Event "OLNN 2223 SC Königsspringer HH - FC St."]
[Site "?"]
[Date "2023.04.23"]
[Round "8.6"]
[White "Lampe, Joerg"]
[Black "Mitscherling, Andreas"]
[Result "1-0"]
[WhiteElo "2099"]
[BlackElo "2140"]
[PlyCount "83"]
[EventDate "2023.??.??"]

1. e4 e6 2. d4 d5 3. Nd2 Be7 4. Ngf3 Nf6 5. e5 Nfd7 6. Bd3 c5 7. c3 Nc6 8. O-O g5 9. dxc5 g4 10. Nd4 Ndxe5 11. Bb5 Bxc5 12. Re1 Bd7 13. Bxc6 Nxc6 14. N2b3 Bb6 15. Qxg4 Nxd4 16. Nxd4 Qf6 17. Bf4 Qg6 18. Qf3 O-O-O 19. Bg3 Bc7 20. c4 Bxg3 21. hxg3 dxc4 22. Rac1 Kb8 23. Rxc4 Rc8 24. Qf4+ Ka8 25. Rc7 Rhd8 26. Rec1 Rb8 27. Qe5 Qd3 28. Qc5 f6 29. Rc3 Qd1+ 30. Kh2 e5 31. Nf3 b6 32. Ra3 Rb7 33. Qc4 Qd6 34. Rxb7 Kxb7 35. Qa6+ Kc7 36. Rd3 Qb4 37. Qxa7+ Kc6 38. Rc3+ Kd5 39. Qc7 Qe7 40. Qxb6 Ke4 41. Rc7 Kf5 42. a4 1-0

[Event "OLNN 2223 SC Königsspringer HH - FC St."]
[Site "?"]
[Date "2023.04.23"]
[Round "8.7"]
[White "Reuber, Artur"]
[Black "Harder, Clemens"]
[Result "1/2-1/2"]
[WhiteElo "2142"]
[BlackElo "2145"]
[PlyCount "42"]
[EventDate "2023.??.??"]

1. Nf3 Nf6 2. b4 d5 3. Bb2 Bf5 4. e3 e6 5. a3 Nbd7 6. d4 Bd6 7. c4 dxc4 8. Bxc4 Qe7 9. Nc3 c6 10. Qe2 e5 11. dxe5 Nxe5 12. Nxe5 Bxe5 13. h3 Rd8 14. Rd1 O-O 15. O-O Bc7 16. Rxd8 Rxd8 17. Rd1 Rxd1+ 18. Qxd1 Qe5 19. Qf3 Ne4 20. Nxe4 Qxe4 21. Qxe4 Bxe4 1/2-1/2

[Event "OLNN 2223 SC Königsspringer HH - FC St."]
[Site "?"]
[Date "2023.04.23"]
[Round "8.8"]
[White "Raider, Eugen"]
[Black "Grote, Dirk"]
[Result "1/2-1/2"]
[WhiteElo "2059"]
[BlackElo "2055"]
[PlyCount "41"]
[EventDate "2023.??.??"]

1. Nf3 d5 2. c4 e6 3. b3 d4 4. a3 a5 5. e4 Nc6 6. d3 Nf6 7. g3 Nd7 8. Ra2 Be7 9. h4 Nc5 10. Bf4 Ra6 11. Rb2 Rb6 12. g4 f6 13. g5 e5 14. gxf6 Bxf6 15. Nxe5 Nxe5 16. Bxe5 O-O 17. Bg3 Na4 18. Rc2 Nc5 19. Rb2 Na4 20. Re2 Nc5 21. Rb2 {(=)} 1/2-1/2

[Event "OLNN 2223 Hamburger SK III - Preetzer T"]
[Site "?"]
[Date "2023.04.23"]
[Round "8.6"]
[White "Brinkmann, Fabian"]
[Black "Willsch, Matthias"]
[Result "0-1"]
[WhiteElo "2187"]
[BlackElo "2098"]
[PlyCount "44"]
[EventDate "2023.??.??"]

1. d4 d5 2. c4 e6 3. Nc3 c5 4. Nf3 Nf6 5. g3 cxd4 6. Nxd4 e5 7. cxd5 exd4 8. Qxd4 Nbd7 9. Bg2 Bc5 10. Qf4 O-O 11. O-O Re8 12. b4 Bb6 13. Bb2 Ne5 14. Rad1 Bd7 15. a4 a5 16. b5 Rc8 17. d6 Rc4 18. Qd2 Rd4 19. Qxd4 Bxd4 20. Rxd4 Qb6 21. Nd1 Bg4 22. f3 Be6 0-1

[Event "OLNN 2223 Hamburger SK III - Preetzer T"]
[Site "?"]
[Date "2023.04.23"]
[Round "8.1"]
[White "Pedersen, Steffen"]
[Black "Spiric, Igor"]
[Result "1/2-1/2"]
[WhiteElo "2349"]
[BlackElo "2259"]
[PlyCount "47"]
[EventDate "2023.??.??"]

1. d4 Nf6 2. c4 b6 3. Nc3 Bb7 4. d5 e5 5. a3 d6 6. g3 Nbd7 7. Bg2 Be7 8. Rb1 O-O 9. e4 Re8 10. Nf3 Nf8 11. O-O Ng6 12. Ne1 Bc8 13. Nc2 Bg4 14. f3 Bd7 15. Ne3 Qc8 16. Qc2 Bf8 17. Bd2 Bh3 18. Ncd1 Bxg2 19. Kxg2 c6 20. Nf2 cxd5 21. cxd5 Qa6 22. Qd3 b5 23. Rfc1 Rec8 24. Rxc8 1/2-1/2

[Event "OLNN 2223 Hamburger SK III - Preetzer T"]
[Site "?"]
[Date "2023.04.23"]
[Round "8.8"]
[White "Schumacher, Norbert"]
[Black "Dittmann, Hans-Adolf"]
[Result "1-0"]
[WhiteElo "2113"]
[BlackElo "1988"]
[PlyCount "63"]
[EventDate "2023.??.??"]

1. c4 Nf6 2. g3 e5 3. Bg2 Nc6 4. Nf3 Bc5 5. O-O O-O 6. Nc3 d6 7. d3 h6 8. Bd2 a5 9. a3 Bf5 10. Nh4 Bh7 11. e4 Nd4 12. Rb1 c6 13. b4 axb4 14. axb4 Bb6 15. Bc1 Qd7 16. h3 Ne6 17. Kh2 Bd4 18. Bb2 Kh8 19. Nf3 g5 20. Nxd4 Nxd4 21. f4 gxf4 22. gxf4 Qe7 23. Ne2 c5 24. Nxd4 cxd4 25. Qf3 Ra2 26. Bc1 Rg8 27. Rb2 Ra1 28. fxe5 Qxe5+ 29. Bf4 Rxf1 30. Bxf1 Qe7 31. Qf2 Rg4 32. Be2 1-0